00777nam a2200205Ia 4500008004100000020001500041082001600056100003400072245005400106250000700160260004000167300002700207500001900234600002100253650005000274856010700324942000700431952011800438999001500556240925s9999 xx 000 0 und d a8178086328 a005.133 SIL aBrain , Siler ; Spotts, Jeff 0aSpecial Edition Using Microsoft Visual Basic.Net  aNA aIndiana:bPearson Educationc,2002. axv,892p.bNAfOriginal aIncludes Index aComputer Science aComputer science, information & general works uhttps://drive.google.com/file/d/1M5RJsx1s4JKndvyFLGWP_sQifWcFE1G_/view?usp=sharingyClick here for PDF cBK 001040708CSaUITUbUITUd2002-09-04eF.B.Cg700.00l0o005.133 SILpQ4567r2024-09-25 07:13:33w2024-09-25yBK c7066d7066